Euskal Herriko herrialdeak - Statistics

General Stats
  • This quiz has been taken 8 times
  • The average score is 6 of 7
Answer Stats
Picture Answer % Correct
Araba
100%
Bizkaia
100%
Gipuzkoa
100%
Nafarroa Garaia
100%
Lapurdi
86%
Nafarroa Beherea
57%
Zuberoa
57%
No matching quizzes found
Score Distribution
Percent of People with Each Score
Percentile by Number Answered
Your Score History
You have not taken this quiz